| 000 | 00984cam a22003017a 4500 | ||
|---|---|---|---|
| 001 | 15318049 | ||
| 003 | OSt | ||
| 005 | 20170222184321.0 | ||
| 008 | 080605s2008 mau 000 0 eng | ||
| 010 | _a 2008274036 | ||
| 015 |
_aGBA849122 _2bnb |
||
| 016 | 7 |
_a014567983 _2Uk |
|
| 020 | _a9781597492393 (pbk.) | ||
| 020 | _a1597492396 (pbk.) | ||
| 035 | _a(OCoLC)ocn180880715 | ||
| 040 |
_aUKM _cUKM _dYDXCP _dBTCTA _dBAKER _dBWX _dDLC |
||
| 042 | _alccopycat | ||
| 082 |
_a004 _bPHO 2008 |
||
| 100 | 1 |
_aPhotopoulos, Constantine. _911644 |
|
| 245 | 1 | 0 |
_aManaging catastrophic loss of sensitive data / _cby Constantine Photopoulos. |
| 260 |
_aBurlington, MA : _bSyngress Pub., _c2008. |
||
| 300 |
_axviii, 293 p. ; _c24 cm. |
||
| 650 | 0 |
_aData protection. _911645 |
|
| 650 | 0 |
_aEmergency management. _911646 |
|
| 906 |
_a7 _bcbc _ccopycat _d2 _encip _f20 _gy-gencatlg |
||
| 942 |
_2ddc _cO_SHELF |
||
| 999 |
_c5574 _d5574 |
||